000 00551nam a2200181Ia 4500
008 090124s9999 xx 000 0 und d
082 _b39102
100 _aगुप्ते मधुकर नीलकंठ
245 _a मधुआ
250 _a1
260 _bमेघना प्रकाशन
_c2003
300 _a168
600 _aगुप्ते मधुकर नीलकंठ
630 _a मधुआ
700 _aगुप्ते मधुकर नीलकंठ
730 _a मधुआ
942 _cBOOK
999 _c105047
_d105047